000 00515nmm a2200169Ia 4500
008 251105s9999||||xx |||||||||||||||||und||
020 _a9788416028634
041 _aspa
100 _aAlcalde, Ángel
245 0 _aLos excombatientes franquistas (1936-1965)
264 _a[Madrid, España] :
_bPrensas Universitarias de Zaragoza,
_c2014
300 _a411 páginas
490 _aCiencias sociales
650 _aHistory of Europe: Spain
856 _uhttps://public.digitaliapublishing.com/a/29365
942 _cCF
999 _c77202
_d77202